Vzdelávanie z pohľadu stratégie Európa 2020 bakalárska práca

Gespeichert in:
Bibliographische Detailangaben
1. Verfasser: Kalánová, Blanka
Körperschaft: Podnikovohospodárska fakulta EU so sídlom v Košiciach. Katedra kvantitatívnych metód
Weitere Verfasser: Megyesiová, Silvia, 1969-
Format: Buch
Sprache:Slowakisch
Veröffentlicht: Košice 2022
Tags: Tag hinzufügen
Keine Tags, Fügen Sie das erste Tag hinzu!

MARC

LEADER 00000nbm a2200000 4500
001 0287393
005 20230502090602.9
041 0 |a slo 
044 |a SK 
245 1 0 |a Vzdelávanie z pohľadu stratégie Európa 2020  |b bakalárska práca  |c Blanka Kalánová ; školiteľ: Silvia Megyesiová 
264 1 |a Košice  |c 2022 
300 |a 53 s. 
100 1 |a Kalánová, Blanka 
700 1 |a Megyesiová, Silvia, 1969- 
710 2 |a Podnikovohospodárska fakulta EU so sídlom v Košiciach. Katedra kvantitatívnych metód